taylor swift “midnights:til dawn edition” all album songs - Statistics

General Stats
  • This quiz has been taken 23 times
  • The average score is 19 of 23
Answer Stats
Hint
Answer % Correct
1 lavender haze
100%
3 anti-hero
95%
11 karma
95%
2 maroon
89%
6 midnight rain
89%
16 paris
89%
7 question…?
89%
4 snow on the beach
89%
8 vigilante shit
89%
9 bejeweled
84%
15 bigger than the whole sky
84%
20 dear reader
84%
10 labyrinth
84%
14 the great war
84%
21 hits different
79%
12 sweet nothing
79%
19 would’ve, could’ve, should’ve
79%
17 high infidelity
74%
13 mastermind
74%
5 you’re on your own kid
74%
18 glitch
68%
23(title ‘feat’ who?) karma feat ice spice
68%
22(title ‘feat’ who?) snow on the beach feat lana del ray
63%
No matching quizzes found
Score Distribution
Percent of People with Each Score
Percentile by Number Answered
Your Score History
You have not taken this quiz